000 00585nam a22002177a 4500
003 OSt
005 20140310182239.0
008 121116t xxu||||| |||| 00| 0 eng d
020 _a0553275690
050 _aPZ 7
_b.W716s8 1986
082 _aFIC
_bW67sv #8
100 _aWilliam, Kate
_918781
245 _aHeart breaker /
_cKate William; created by Francine Pascal.
260 _aNew York :
_bBantam Books,
_c1986.
300 _a134 p. ;
_b18 cm.
440 _aSweet valley high
_n#8
_918851
541 _j10611
650 _aFiction
_9746
942 _2lcc
_cBK-FIC
999 _c11082
_d11082